000 00433nam a2200169Ia 4500
008 090123s9999 xx 000 0 und d
082 _b7170
100 _aज्ञानेश्वर
245 _aहरिपाठ
250 _a1
300 _a48
600 _aज्ञानेश्वर
630 _aहरिपाठ
700 _aज्ञानेश्वर
730 _aहरिपाठ
942 _cBOOK
999 _c45235
_d45235